[Event "TUR Cup"]
[Site "Denizli"]
[Date "2024.08.03"]
[Round "7"]
[White "Herdem, Talha"]
[Black "Demirci, Fatih"]
[Result "1-0"]
[WhiteElo "1911"]
[BlackElo "1885"]
[PlyCount "93"]
[EventDate "2024.07.30"]
[EventType "swiss"]
[EventRounds "11"]
[EventCountry "TUR"]
[SourceTitle "EXT 2025"]
[Source "ChessBase"]
[SourceDate "2024.10.14"]
[SourceVersion "1"]
[SourceVersionDate "2024.10.14"]
[SourceQuality "1"]

1. e4 c6 2. d4 d5 3. exd5 cxd5 4. c4 Nf6 5. Nc3 g6 6. cxd5 Bg7 7. Bc4 0-0 8. Nge2 Nbd7 9. Nf4 a6 10. a4 Nb6 11. Ba2 Bf5 12. 0-0 Rc8 13. h3 Nc4 14. Re1 Re8 15. g4 Bd7 16. g5 Nh5 17. Nxh5 gxh5 18. Bb1 Nd6 19. Qxh5 Bf5 20. Bf4 Qd7 21. Be5 f6 22. Bxd6 Bxb1 23. Raxb1 Qxd6 24. Re6 Qf4 25. d6 Rf8 26. Nd5 Qxg5+ 27. Qxg5 fxg5 28. dxe7 Rfe8 29. Re4 Kf7 30. Rd1 Rc6 31. f4 Rd6 32. Ne3 Re6 33. Rxe6 Kxe6 34. d5+ Kxe7 35. Nf5+ Kf6 36. Nxg7 Kxg7 37. fxg5 Kg6 38. h4 Rd8 39. d6 Rd7 40. Kf2 Kf5 41. Kf3 b6 42. Rd5+ Ke6 43. Ke4 Rd8 44. d7 b5 45. axb5 axb5 46. b4 Ke7 47. Ke5 1-0

[Event "TUR Cup"]
[Site "Denizli"]
[Date "2024.08.02"]
[Round "6"]
[White "Demirci, Fatih"]
[Black "Binboga, Yaman"]
[Result "1-0"]
[WhiteElo "1885"]
[BlackElo "1770"]
[PlyCount "119"]
[EventDate "2024.07.30"]
[EventType "swiss"]
[EventRounds "11"]
[EventCountry "TUR"]
[SourceTitle "EXT 2025"]
[Source "ChessBase"]
[SourceDate "2024.10.14"]
[SourceVersion "1"]
[SourceVersionDate "2024.10.14"]
[SourceQuality "1"]

1. Nf3 d5 2. g3 c6 3. Bg2 Nf6 4. d3 h6 5. 0-0 Bf5 6. c4 e6 7. Qb3 Qb6 8. Be3 Qxb3 9. axb3 a6 10. Bd4 Nbd7 11. Bc3 Be7 12. b4 0-0 13. Nbd2 Rfd8 14. Nb3 Rac8 15. c5 Bh7 16. h4 Ng4 17. Bh3 h5 18. Nh2 Nxh2 19. Kxh2 Bf6 20. f3 Rc7 21. Kg2 Re8 22. Ra3 Bxc3 23. bxc3 e5 24. e4 Nf6 25. Na5 Rd8 26. Rf2 Re7 27. Re2 Ne8 28. Kf2 Bg6 29. Ra1 f6 30. Rc1 Bf7 31. Rcc2 g6 32. Rc1 Ng7 33. Rce1 dxe4 34. dxe4 Be6 35. Bf1 g5 36. Rc1 gxh4 37. gxh4 f5 38. exf5 Bxf5 39. Rce1 e4 40. Kg1 Ne6 41. fxe4 Bg4 42. Rf2 Kg7 43. Nc4 Nf8 44. Kh2 Ng6 45. Kg3 Ne5 46. Nd6 Nf7 47. Nf5+ Bxf5 48. Rxf5 Re5 49. Kf4 Rde8 50. Bc4 Rxf5+ 51. Kxf5 Ne5 52. Rg1+ Kh6 53. Be2 Nd7 54. Rg6+ Kh7 55. Rd6 Rf8+ 56. Ke6 Nf6 57. e5 Ng4 58. Rd7+ Kh6 59. Rxb7 Re8+ 60. Re7 1-0

[Event "TUR Cup"]
[Site "Antalya"]
[Date "2020.01.29"]
[Round "5"]
[White "Gunduz, Umut Erdem"]
[Black "Demirci, Fatih"]
[Result "1-0"]
[WhiteElo "2193"]
[BlackElo "1749"]
[PlyCount "47"]
[EventDate "2020.01.26"]
[EventType "swiss"]
[EventRounds "11"]
[EventCountry "TUR"]
[SourceTitle "CBM 194 Extra"]
[Source "ChessBase"]
[SourceDate "2020.03.31"]
[SourceVersion "1"]
[SourceVersionDate "2020.03.31"]
[SourceQuality "1"]

1. e4 c6 2. d4 d5 3. Nd2 dxe4 4. Nxe4 Nf6 5. Nxf6+ gxf6 6. c3 Qd5 7. Be3 Rg8 8. Ne2 e5 9. Qc2 h5 10. dxe5 fxe5 11. Rd1 Qe6 12. g3 Na6 13. Bg2 Bd7 14. 0-0 0-0-0 15. Bxa7 f5 16. b4 Qc4 17. Bb6 Nc7 18. Bh3 Rg4 19. Rxd7 Rxd7 20. Qxf5 Qxe2 21. Qxf8+ Rd8 22. Qf7 Rd7 23. Qxh5 Rxg3+ 24. fxg3 1-0

[Event "TUR Cup"]
[Site "Antalya"]
[Date "2020.01.27"]
[Round "2"]
[White "Demirci, Fatih"]
[Black "Altun, Arda"]
[Result "1/2-1/2"]
[WhiteElo "1749"]
[BlackElo "2200"]
[PlyCount "120"]
[EventDate "2020.01.26"]
[EventType "swiss"]
[EventRounds "11"]
[EventCountry "TUR"]
[SourceTitle "CBM 194 Extra"]
[Source "ChessBase"]
[SourceDate "2020.03.31"]
[SourceVersion "1"]
[SourceVersionDate "2020.03.31"]
[SourceQuality "1"]

1. e4 c6 2. Bc4 d5 3. Bb3 dxe4 4. Qh5 g6 5. Qh4 Nf6 6. Nc3 Bg7 7. Nge2 Nbd7 8. Ng3 Nc5 9. Ngxe4 Nxb3 10. axb3 Nxe4 11. Nxe4 Qd4 12. Ra4 Qd5 13. 0-0 b5 14. Ra1 Bf5 15. d3 Bxe4 16. dxe4 Qc5 17. c3 0-0 18. Be3 Qe5 19. b4 h5 20. Rfd1 Rfd8 21. f3 Qe6 22. Qf2 Qb3 23. Qe2 h4 24. Rd2 h3 25. Qd1 Qxd1+ 26. Raxd1 Rxd2 27. Rxd2 hxg2 28. Kxg2 a5 29. bxa5 Rxa5 30. Bc5 Ra2 31. Kh3 Kh7 32. Rg2 e6 33. Bb4 Bh6 34. Rc2 Be3 35. Re2 Bf4 36. Kg4 e5 37. Ba3 Ra1 38. Bc5 Rb1 39. Kh3 Kh6 40. Kg2 Kh5 41. Bd6 Rd1 42. Bb4 Rd3 43. Be7 Be3 44. Bf8 Kg5 45. Be7+ f6 46. h4+ Kh5 47. Bxf6 Bf4 48. Be7 Rd7 49. Bf6 c5 50. Rc2 b4 51. cxb4 cxb4 52. Rc8 g5 53. hxg5 Rd2+ 54. Kf1 Rxb2 55. Rh8+ Kg6 56. Rg8+ Kh5 57. Rh8+ Kg6 58. Rg8+ Kh5 59. Rh8+ Kg6 60. Rg8+ Kh5 1/2-1/2

[Event "TUR-chT 2nd League"]
[Site "Konya"]
[Date "2019.07.27"]
[Round "8.8"]
[White "Bek, Emir"]
[Black "Demirci, Fatih"]
[Result "1-0"]
[WhiteElo "1783"]
[BlackElo "1763"]
[PlyCount "103"]
[EventDate "2019.07.22"]
[EventType "team-swiss"]
[EventRounds "9"]
[EventCountry "TUR"]
[SourceTitle "CBM 191 Extra"]
[Source "ChessBase"]
[SourceDate "2019.09.30"]
[SourceVersion "1"]
[SourceVersionDate "2019.09.30"]
[SourceQuality "1"]
[WhiteTeam "Gulbahcesi Egitim"]
[BlackTeam "Dogukisla Genclik Spor"]
[WhiteTeamCountry "TUR"]
[BlackTeamCountry "TUR"]

1. d4 d5 2. Nf3 Nf6 3. c4 c6 4. e3 Bf5 5. Nc3 e6 6. Be2 Be7 7. 0-0 0-0 8. Bd2 h6 9. c5 Nbd7 10. b4 Qc7 11. Nh4 Bh7 12. f4 Ne4 13. Nf3 Ndf6 14. a4 b6 15. Bd3 Rfb8 16. Qc2 Qc8 17. a5 b5 18. a6 Qe8 19. Be1 Nxc3 20. Bxh7+ Nxh7 21. Bxc3 f5 22. Be1 Nf6 23. Bh4 Ng4 24. Bxe7 Qxe7 25. Qe2 Rc8 26. Kh1 Rc7 27. Rg1 Nf6 28. Ne5 Nd7 29. Nxd7 Rxd7 30. g4 Kh7 31. g5 Rg8 32. Rg3 g6 33. gxh6 Kxh6 34. Rag1 Qf6 35. Qg2 Kh7 36. Rg5 Rgg7 37. h4 Rc7 38. Qg3 Rcd7 39. Rg2 Rc7 40. Kg1 Rcd7 41. Kf2 Rc7 42. Ke2 Rcd7 43. Kd3 Rd8 44. h5 Rdd7 45. Rxg6 Rxg6 46. Qxg6+ Qxg6 47. Rxg6 Re7 48. Ke2 Kh8 49. Kf2 Kh7 50. Kf3 Kh8 51. Kg3 Rg7 52. Kh4 1-0

[Event "TUR-chT 2nd League"]
[Site "Konya"]
[Date "2019.07.25"]
[Round "5.4"]
[White "Demirci, Fatih"]
[Black "Acar, Cengiz Can"]
[Result "0-1"]
[WhiteElo "1763"]
[BlackElo "1756"]
[PlyCount "38"]
[EventDate "2019.07.22"]
[EventType "team-swiss"]
[EventRounds "9"]
[EventCountry "TUR"]
[SourceTitle "CBM 191 Extra"]
[Source "ChessBase"]
[SourceDate "2019.09.30"]
[SourceVersion "1"]
[SourceVersionDate "2019.09.30"]
[SourceQuality "1"]
[WhiteTeam "Dogukisla Genclik Spor"]
[BlackTeam "Eskiseh Tasci"]
[WhiteTeamCountry "TUR"]
[BlackTeamCountry "TUR"]

1. e4 d5 2. exd5 Qxd5 3. Nc3 Qd6 4. d4 c6 5. Bc4 Nf6 6. Nge2 Bg4 7. Qd3 Nbd7 8. Bf4 Qb4 9. 0-0 e6 10. Rfe1 Bf5 11. Qe3 Qxc4 12. b3 Qb4 13. Ng3 Bxc2 14. Rac1 Bg6 15. a3 Qxa3 16. d5 Bc5 17. Qf3 0-0 18. dxe6 fxe6 19. Ra1 Qxb3 0-1

[Event "TUR-chT 2nd League"]
[Site "Konya"]
[Date "2019.07.23"]
[Round "3.2"]
[White "Demirci, Fatih"]
[Black "Ozsakallioglu, Akin"]
[Result "0-1"]
[WhiteElo "1763"]
[BlackElo "1901"]
[PlyCount "108"]
[EventDate "2019.07.22"]
[EventType "team-swiss"]
[EventRounds "9"]
[EventCountry "TUR"]
[SourceTitle "CBM 191 Extra"]
[Source "ChessBase"]
[SourceDate "2019.09.30"]
[SourceVersion "1"]
[SourceVersionDate "2019.09.30"]
[SourceQuality "1"]
[WhiteTeam "Dogukisla Genclik Spor"]
[BlackTeam "Koroglu Dernegi"]
[WhiteTeamCountry "TUR"]
[BlackTeamCountry "TUR"]

1. e4 c5 2. Nf3 d6 3. Bb5+ Bd7 4. Bxd7+ Qxd7 5. 0-0 Nc6 6. c3 g6 7. d4 cxd4 8. cxd4 Nf6 9. Nc3 Bg7 10. Bg5 h6 11. Bh4 Nh5 12. Bg3 Nxg3 13. hxg3 0-0 14. Re1 Rfd8 15. Qd2 Rac8 16. Rac1 Kh7 17. Ne2 e5 18. d5 Nb8 19. Rxc8 Rxc8 20. Rc1 Rxc1+ 21. Qxc1 Na6 22. Qc4 Bf6 23. Nc3 Bd8 24. Qb5 Qe7 25. Na4 Kg7 26. Nd2 Kf8 27. Nc4 Qc7 28. Nc3 Nc5 29. Ne3 a6 30. Qe2 b5 31. a3 Nb3 32. Nc2 Nd4 33. Qd2 Nxc2 34. Qxc2 Qc5 35. Qe2 h5 36. Kh2 Bb6 37. Nd1 Qc1 38. a4 Bd4 39. axb5 axb5 40. b3 Qb1 41. Qf3 Kg7 42. Ne3 Qc1 43. Qe2 Qc5 44. Nc2 b4 45. Nxd4 exd4 46. Qa6 Qc7 47. f4 Qc5 48. Kh1 Qc3 49. Qxd6 d3 50. e5 d2 51. Qf6+ Kg8 52. Qd8+ Kh7 53. e6 d1Q+ 54. Kh2 fxe6 0-1

[Event "TUR-chT 2nd League"]
[Site "Konya"]
[Date "2019.07.23"]
[Round "2.3"]
[White "Duman, Aydin"]
[Black "Demirci, Fatih"]
[Result "1-0"]
[WhiteElo "2059"]
[BlackElo "1763"]
[PlyCount "111"]
[EventDate "2019.07.22"]
[EventType "team-swiss"]
[EventRounds "9"]
[EventCountry "TUR"]
[SourceTitle "CBM 191 Extra"]
[Source "ChessBase"]
[SourceDate "2019.09.30"]
[SourceVersion "1"]
[SourceVersionDate "2019.09.30"]
[SourceQuality "1"]
[WhiteTeam "Samandag Altin"]
[BlackTeam "Dogukisla Genclik Spor"]
[WhiteTeamCountry "TUR"]
[BlackTeamCountry "TUR"]

1. e4 c6 2. c4 d5 3. exd5 cxd5 4. d4 Nf6 5. Nc3 g6 6. Qb3 Bg7 7. cxd5 0-0 8. Nge2 Nbd7 9. g3 Nb6 10. Bg2 Bf5 11. 0-0 Bd3 12. d6 exd6 13. Bxb7 d5 14. Bxa8 Qxa8 15. Qd1 Bf5 16. Nf4 Ne4 17. f3 Nxc3 18. bxc3 Qc6 19. Qb3 Rc8 20. g4 Bd7 21. Ne2 Qe6 22. Nf4 Qc6 23. Be3 Nc4 24. Ng2 h5 25. h3 Qa6 26. Rab1 hxg4 27. fxg4 Nxe3 28. Nxe3 Qd3 29. Rbe1 Bh6 30. Rf3 Re8 31. Qxd5 Be6 32. Nf5 Qd2 33. Nxh6+ Qxh6 34. Qe5 Rd8 35. Qf4 Qh4 36. Rxe6 fxe6 37. Qf7+ Kh8 38. Qf6+ Qxf6 39. Rxf6 Rc8 40. Rf3 Kg7 41. Kf2 Rc6 42. Re3 Kf6 43. Kf3 g5 44. Ke4 Rb6 45. Rf3+ Ke7 46. c4 Ra6 47. a3 Ra4 48. c5 Rc4 49. Rb3 Kf6 50. Kd3 Rc1 51. Rc3 Rb1 52. c6 Rb8 53. c7 Rc8 54. Ke4 Ke7 55. Ke5 Kd7 56. Rc5 1-0

[Event "TUR-chT 1st League"]
[Site "Konya"]
[Date "2018.07.18"]
[Round "4.7"]
[White "Ozen, Batuhan"]
[Black "Demirci, Fatih"]
[Result "1-0"]
[WhiteElo "2144"]
[BlackElo "1749"]
[PlyCount "37"]
[EventDate "2018.07.16"]
[EventType "team-swiss"]
[EventRounds "9"]
[EventCountry "TUR"]
[SourceTitle "EXT 2019"]
[Source "ChessBase"]
[SourceDate "2018.10.10"]
[SourceVersion "1"]
[SourceVersionDate "2018.10.10"]
[SourceQuality "1"]
[WhiteTeam "DCM Pamukkale Universiteli"]
[BlackTeam "Dogukisla Genclik Spor"]
[WhiteTeamCountry "TUR"]
[BlackTeamCountry "TUN"]

1. e4 c6 2. d4 d5 3. Nc3 dxe4 4. Nxe4 Bf5 5. Ng3 Bg6 6. Bc4 Nf6 7. N1e2 e6 8. 0-0 Bd6 9. f4 0-0 10. f5 exf5 11. Nxf5 Bxf5 12. Rxf5 Nbd7 13. Qf1 Qc7 14. g3 Rae8 15. Bg5 Nb6 16. Bd3 Nbd5 17. Bxf6 Nxf6 18. Rxf6 gxf6 19. Qf5 1-0

[Event "TUR Cup										"]
[Site "Antalya"]
[Date "2018.01.31"]
[Round "7"]
[White "Demirci, Fatih"]
[Black "Mermer, Yunus"]
[Result "1-0"]
[WhiteElo "1778"]
[BlackElo "1507"]
[PlyCount "85"]
[EventDate "2018.01.27"]
[EventType "swiss"]
[EventRounds "11"]
[EventCountry "TUR"]
[SourceTitle "CBM 182 Extra"]
[Source "ChessBase"]
[SourceDate "2018.02.23"]
[SourceVersion "1"]
[SourceVersionDate "2018.02.23"]
[SourceQuality "1"]

1. e4 c5 2. b4 cxb4 3. a3 d5 4. exd5 Qxd5 5. Nf3 e5 6. c4 Qe6 7. Be2 Nc6 8. Bb2 Nf6 9. 0-0 Bd6 10. axb4 Bxb4 11. Nxe5 Nxe5 12. Bxe5 Qxe5 13. Qa4+ Bd7 14. Qxb4 Qxa1 15. Nc3 Qa6 16. c5 Qe6 17. Bc4 Qg4 18. Re1+ Be6 19. c6 bxc6 20. d3 Rd8 21. h3 Qf5 22. g4 Nxg4 23. hxg4 Qxg4+ 24. Kf1 Qh3+ 25. Kg1 Qf5 26. Ne4 Qg4+ 27. Kf1 Qf4 28. d4 Qc7 29. d5 Bh3+ 30. Kg1 c5 31. Nxc5+ Kf8 32. Ne6+ Kg8 33. Nxc7 g6 34. Re8+ Rxe8 35. Nxe8 Bd7 36. Nf6+ Kg7 37. Nxd7 Rd8 38. Qc3+ Kh6 39. Qe3+ g5 40. Qe7 Rc8 41. Qf6+ Kh5 42. Be2+ Kh4 43. Qh6# 1-0

[Event "TUR Cup										"]
[Site "Antalya"]
[Date "2018.01.30"]
[Round "5"]
[White "Demirci, Fatih"]
[Black "Vural, Rafet"]
[Result "1-0"]
[WhiteElo "1778"]
[BlackElo "1591"]
[PlyCount "107"]
[EventDate "2018.01.27"]
[EventType "swiss"]
[EventRounds "11"]
[EventCountry "TUR"]
[SourceTitle "CBM 182 Extra"]
[Source "ChessBase"]
[SourceDate "2018.02.23"]
[SourceVersion "1"]
[SourceVersionDate "2018.02.23"]
[SourceQuality "1"]

1. e4 d5 2. exd5 Nf6 3. d4 Nxd5 4. c4 Nf6 5. Nc3 g6 6. Nf3 Bg7 7. h3 b6 8. Be2 Bb7 9. Be3 0-0 10. 0-0 Nbd7 11. Qc2 c6 12. Qd2 Qc7 13. Bf4 Qd8 14. Rfe1 Re8 15. Ne5 Nxe5 16. Bxe5 e6 17. Bf3 Rc8 18. Rad1 Qd7 19. Qf4 Qd8 20. g4 Nd7 21. Bxg7 Kxg7 22. Ne4 Qc7 23. Qxc7 Rxc7 24. Nd6 Rb8 25. Nxb7 Rbxb7 26. d5 cxd5 27. cxd5 exd5 28. Bxd5 Nc5 29. Bxb7 Rxb7 30. Kg2 g5 31. h4 h6 32. hxg5 hxg5 33. Re5 Ne6 34. Kf3 Rc7 35. Red5 Rc4 36. Rd7 Ra4 37. a3 Nc5 38. R1d4 Ra5 39. Re7 Kf6 40. Re3 Ne6 41. Rd7 Rb5 42. b3 a5 43. Rdd3 Rc5 44. Rc3 Rb5 45. Kg3 Rd5 46. Red3 Re5 47. Rf3+ Ke7 48. Rf5 Re1 49. Rcf3 Rg1+ 50. Kh2 Rxg4 51. Rxf7+ Kd6 52. R7f6 Ke5 53. R3f5+ Ke4 54. f3+ 1-0

[Event "TUR Cup"]
[Site "Antalya"]
[Date "2017.02.01"]
[Round "7"]
[White "Korkmaz, Turhan"]
[Black "Demirci, Fatih"]
[Result "0-1"]
[WhiteElo "1867"]
[BlackElo "1725"]
[PlyCount "44"]
[EventDate "2017.01.28"]
[EventType "swiss"]
[EventRounds "11"]
[EventCountry "TUR"]
[SourceTitle "CBM 176 Extra"]
[Source "ChessBase"]
[SourceDate "2017.03.02"]
[SourceVersion "1"]
[SourceVersionDate "2017.03.02"]
[SourceQuality "1"]

1. e4 c6 2. d4 d5 3. e5 Bf5 4. g4 Be4 5. f3 Bg6 6. Ne2 e6 7. h4 h5 8. Nf4 Ne7 9. Nxg6 Nxg6 10. g5 Ne7 11. Bd3 g6 12. b4 a5 13. b5 Qb6 14. bxc6 Qxd4 15. cxb7 Qxe5+ 16. Kf2 Ra7 17. Bb5+ Nec6 18. Be3 Rxb7 19. a4 Bg7 20. Nd2 d4 21. Nc4 dxe3+ 22. Kg2 Qc7 0-1

[Event "TUR Cup"]
[Site "Antalya"]
[Date "2017.01.30"]
[Round "4"]
[White "Demirci, Fatih"]
[Black "Karakurt, Fahri"]
[Result "0-1"]
[WhiteElo "1725"]
[BlackElo "1856"]
[PlyCount "72"]
[EventDate "2017.01.28"]
[EventType "swiss"]
[EventRounds "11"]
[EventCountry "TUR"]
[SourceTitle "CBM 176 Extra"]
[Source "ChessBase"]
[SourceDate "2017.03.02"]
[SourceVersion "1"]
[SourceVersionDate "2017.03.02"]
[SourceQuality "1"]

1. e4 c5 2. Nf3 d6 3. d4 cxd4 4. Nxd4 Nf6 5. Nc3 a6 6. Bg5 Nbd7 7. f4 e5 8. Nb3 Qc7 9. Qf3 h6 10. 0-0-0 hxg5 11. fxg5 b5 12. gxf6 Nxf6 13. h3 b4 14. Nb1 Be6 15. g4 Be7 16. Bd3 Rc8 17. Qe2 a5 18. Ba6 Rb8 19. Bb5+ Nd7 20. N3d2 Bg5 21. b3 Ke7 22. Kb2 Rhc8 23. Bd3 Nb6 24. h4 Bf4 25. Nf3 a4 26. Ng5 Bxg5 27. hxg5 axb3 28. axb3 Ra8 29. Qd2 Qc5 30. Be2 Rc6 31. g6 Rac8 32. Rc1 Qc3+ 33. Qxc3 bxc3+ 34. Ka2 Ra8+ 35. Na3 Rc5 36. Ra1 Rca5 0-1

[Event "Manavgat Turkey Cup"]
[Site "Manavgat"]
[Date "2016.02.04"]
[Round "8"]
[White "Demirci, Fatih"]
[Black "Taskiran, Recep"]
[Result "0-1"]
[WhiteElo "1653"]
[BlackElo "1846"]
[PlyCount "62"]
[EventDate "2016.01.30"]
[EventType "swiss"]
[EventRounds "11"]
[EventCountry "TUR"]
[SourceTitle "CBM 170 Extra"]
[Source "ChessBase"]
[SourceDate "2016.02.25"]
[SourceVersion "1"]
[SourceVersionDate "2016.02.25"]
[SourceQuality "1"]

1. e4 c5 2. Nf3 d6 3. d4 cxd4 4. Nxd4 Nf6 5. Nc3 a6 6. Bg5 e6 7. Qe2 Be7 8. 0-0-0 Nxe4 9. Qxe4 Bxg5+ 10. f4 Be7 11. Bc4 0-0 12. Bd3 g6 13. h4 d5 14. Qf3 Nc6 15. Nxc6 bxc6 16. h5 g5 17. h6 Rb8 18. Rh5 Kh8 19. Qg3 Rg8 20. Rf1 gxf4 21. Qe1 Qd6 22. Kd1 f5 23. Ne2 e5 24. Bxf5 Rxb2 25. Qc3 Rb1+ 26. Nc1 Bf6 27. Qh3 Rg3 28. Qxg3 fxg3 29. Bxc8 Qa3 30. Rxf6 Qxc1+ 31. Ke2 Qe1+ 0-1